Statistics for Countries and Territories with Coins Minted in Australia

Click here to take the quiz!

General Stats

  • This quiz has been taken 8 times
  • The average score is 18 of 28

Answer Stats

Date(s):Country/Territory:% Correct
1929-1945New Guinea
100%
1975-datePapua New Guinea
100%
1855-dateAustralia
88%
1976-2003Fiji
88%
2000Kiribati
88%
1996-1998Nauru
88%
1967-dateNew Zealand
88%
1970-dateSamoa
88%
1992-dateSolomon Islands
88%
2002-dateTuvalu
88%
2009-dateVanuatu
88%
1974-dateTonga
75%
1971Malaysia
63%
2013-dateNiue
63%
2017Timor-Leste
63%
1972-2017Cook Islands
50%
2006Qatar
50%
2006Thailand
50%
1979-1980Tokelau
50%
1996Zimbabwe
50%
1979; 2001Nepal
38%
1997Paraguay
38%
1990United Arab Emirates
38%
2001Zambia
38%
1992Bahamas
25%
2002Estonia
25%
1975-1993Israel
25%
2002Uganda
25%

Score Distribution

Percentile by Number Answered

Percent of People with Each Score

Your Score History

You have not taken this quiz